Digital image analysis : (Record no. 592317)

000 -LEADER
fixed length control field 01286cam a22002654a 4500
001 - CONTROL NUMBER
control field 12210082
003 - CONTROL NUMBER IDENTIFIER
control field NUST
005 - DATE AND TIME OF LATEST TRANSACTION
control field 20221116105106.0
008 - FIXED-LENGTH DATA ELEMENTS--GENERAL INFORMATION
fixed length control field 001025s2001 nyua b 001 0 eng
010 ## - LIBRARY OF CONGRESS CONTROL NUMBER
LC control number 00052278
020 ## - INTERNATIONAL STANDARD BOOK NUMBER
International Standard Book Number 0387950664
082 00 - DEWEY DECIMAL CLASSIFICATION NUMBER
Classification number 621.367,DIG
245 00 - TITLE STATEMENT
Title Digital image analysis :
Remainder of title selected techniques and applications /
Statement of responsibility, etc. editors, Walter G. Kropatsch, Horst Bischof.
260 ## - PUBLICATION, DISTRIBUTION, ETC.
Place of publication, distribution, etc. New York :
Name of publisher, distributor, etc. Springer,
Date of publication, distribution, etc. 2001.
300 ## - PHYSICAL DESCRIPTION
Extent xxix, 505 p. :
Other physical details ill. ;
Dimensions 25 cm.
Accompanying material 1 computer optical disc (4 3/4 in) .
505 ## - FORMATTED CONTENTS NOTE
Formatted contents note Part I: Mathematical Methods for Image Analysis (Page-1), Part II: Data Handling (Page-131), Part III: Robust and Adaptive Image Understanding (Page-175), Part IV: Information Infusion and Radiometric Models for Image Understanding (Page-285), Part V: 3-D Reconstruction (Page-367).
650 #0 - SUBJECT ADDED ENTRY--TOPICAL TERM
Topical term or geographic name entry element Image processing
General subdivision Digital techniques.
9 (RLIN) 673
650 #0 - SUBJECT ADDED ENTRY--TOPICAL TERM
Topical term or geographic name entry element Image analysis.
9 (RLIN) 3477
700 1# - ADDED ENTRY--PERSONAL NAME
Personal name Kropatsch, W.
Fuller form of name (Walter)
9 (RLIN) 102656
700 1# - ADDED ENTRY--PERSONAL NAME
Personal name Bischof, Horst.
9 (RLIN) 102657
856 42 - ELECTRONIC LOCATION AND ACCESS
Materials specified Publisher description
Uniform Resource Identifier <a href="http://www.loc.gov/catdir/enhancements/fy0816/00052278-d.html">http://www.loc.gov/catdir/enhancements/fy0816/00052278-d.html</a>
856 41 - ELECTRONIC LOCATION AND ACCESS
Materials specified Table of contents only
Uniform Resource Identifier <a href="http://www.loc.gov/catdir/enhancements/fy0816/00052278-t.html">http://www.loc.gov/catdir/enhancements/fy0816/00052278-t.html</a>
906 ## - LOCAL DATA ELEMENT F, LDF (RLIN)
a 7
b cbc
c orignew
d 1
e ocip
f 20
g y-gencatlg
942 ## - ADDED ENTRY ELEMENTS (KOHA)
Source of classification or shelving scheme
Koha item type Book
Holdings
Withdrawn status Lost status Source of classification or shelving scheme Damaged status Not for loan Permanent Location Current Location Shelving location Date acquired Total Checkouts Full call number Barcode Date last seen Price effective from Koha item type Public note
          Military College of Signals (MCS) Military College of Signals (MCS) General Stacks 11/16/2022   621.367,DIG MCS33209 11/16/2022 11/16/2022 Book Almirah No.30, Shelf No.3
© 2023 Central Library, National University of Sciences and Technology. All Rights Reserved.